Builders of the ancient world : (Record no. 2536)
[ view plain ]
| 000 -LEADER | |
|---|---|
| fixed length control field | 00497pam a2200145 a 4500 |
| 020 ## - ISBN | |
| International Standard Book Number | 0870445855 : |
| Terms of availability | $7.95 |
| 020 ## - ISBN | |
| International Standard Book Number | 0870445901 (lib. bdg.) : |
| Terms of availability | $9.50 |
| 050 00 - LIBRARY OF CONGRESS CALL NUMBER | |
| Classification Number | TA164 |
| Item Number | .B85 1986 |
| 245 00 - TITLE | |
| Title | Builders of the ancient world : |
| Remainder of title | marvels of engineering / |
| Statement of responsibility, etc | prepared by the Special Publications Division, National Geographic Society, Washington, D.C. |
| 260 ## - PUBLICATION, DISTRIBUTION, ETC.(IMPRINT) | |
| Place of publication, distribution, etc | Washington, D.C. : |
| Name of publisher, distributor, etc | The Society, |
| Date of publication, distribution, etc | c1986. |
| 300 ## - PHYSICAL DESCRIPTION | |
| Extent | 199 p. : |
| 500 ## - GENERALNOTE | |
| General note | Includes index. |
| 650 #0 - SUBJECT--TOPIC | |
| General subdivision | History. |
| 942 ## - ADDED ENTRY ELEMENTS(KOHA) | |
| Koha item type | General circulation |
| Source of classification or shelving scheme | Not for loan | Location (home branch) | Sublocation (holding branch) | Date accessioned | Cost, normal purchase price | Full call number | Barcode | Cost, replacement price | Koha item type | Public note |
|---|---|---|---|---|---|---|---|---|---|---|
| Library of Congress Classification | Main Campus Library | Main Campus Library | 01/09/2014 | 700.00 | TA 164 .B85 1986 | 2019/023588 | 1000.00 | General circulation | CM |